| 000 | 00577nam a22002057a 4500 | ||
|---|---|---|---|
| 003 | OSt | ||
| 005 | 20251111020003.0 | ||
| 008 | 160526b xxu||||| |||| 00| 0 eng d | ||
| 020 | _a9780443047213 | ||
| 040 | _c040a | ||
| 082 | _aQW 4 M211j 2006 | ||
| 100 |
_aCollee, J. Gerald; [et..al] _916900 |
||
| 245 | _aMackie & McCartney Parctical Medical Microbiology | ||
| 250 | _a14th.ed | ||
| 260 |
_aLondon; _bChurchill Livingstone, _c2006 |
||
| 300 |
_axiv, 978p: _bill : _c16 cm. |
||
| 504 | _aIncludes index | ||
| 650 |
_aMedical microbiology _9741 |
||
| 942 |
_2ddc _cO_SHELF _01 |
||
| 999 |
_c4177 _d4177 |
||